| 000 | 00930nam a22002777a 4500 | ||
|---|---|---|---|
| 001 | 8941 | ||
| 003 | FISKH | ||
| 005 | 20251111082714.0 | ||
| 008 | 251111b cb ||||| |||| 00| 0 eng d | ||
| 020 | _a9781584764212 | ||
| 040 |
_aFISKH _beng _cFISKH _dFISKH |
||
| 050 | _aPZ7 | ||
| 082 | _a741.5 | ||
| 100 |
_aMacDonald, Kimber _eAuthor |
||
| 245 |
_aThe misfits : _bPhonics comics / _cWritten by Kimber MacDonald ; Illustrated by Wilson Swain |
||
| 260 |
_aNorwalk : _bInnovativeKids , _c2006 |
||
| 300 |
_a24 unnumbered pages : _bcolor illustrations ; _c23 cm |
||
| 505 | _aG | ||
| 520 | _aThree stories about the three orphans at the Sunny Day Home who can't seem to stay out of trouble or find new families. Presented in comic-book format. | ||
| 521 | 8 |
_a330
_bLexile |
|
| 521 | 8 |
_aG
_bRaz-Plus |
|
| 650 |
_aComic _vOrphans |
||
| 700 |
_aSwain, Wilson _dIllustrator |
||
| 942 |
_2ddc _cBK _n0 |
||
| 999 |
_c8941 _d8941 |
||